[Event "AUTO-OPEN-4594"]
[Site "http://www.queenalice.com/game.php?id=1857413"]
[Date "2025.5.16"]
[Round "1"]
[White "Takeda"]
[Black "ricardoguevara"]
[Result "1-0"]
[WhiteElo "2088"]
[BlackElo "1474"]

1. e4 d5 2. exd5 Qxd5 3. Nc3 Qe5+ 4. Qe2 Qxe2+ 5. Bxe2 Nc6 6. Nf3 Bg4 7. O-O
O-O-O 8. d3 f6 9. Be3 e5 10. Nd2 Bxe2 11. Nxe2 Nge7 12. f4 exf4 13. Nxf4 Nb4 14.
Ne6 Rd6 15. Nxf8 Rxf8 16. Bc5 Nxc2 17. Bxd6 cxd6 18. Rac1 Kd7 19. Rxc2 f5 20.
Rfc1 Nd5 21. a3 Nf4 22. Rc7+ Ke6 23. Re1+ Kf6 24. Re3 1-0

[Event "AUTO-OPEN-4594"]
[Site "http://www.queenalice.com/game.php?id=1857414"]
[Date "2025.5.16"]
[Round "1"]
[White "ricardoguevara"]
[Black "game"]
[Result "1-0"]
[WhiteElo "1459"]
[BlackElo "1485"]

1. e4 d6 2. Nf3 Bg4 3. Be2 h5 4. O-O e5 5. d3 Nf6 6. Bg5 Nc6 7. c4 Nd4 8. Nxd4
exd4 9. Bxg4 hxg4 10. Bxf6 Qxf6 11. Qxg4 c5 12. Nd2 Qe5 13. Nf3 Qe7 14. a3 g6
15. b4 Bg7 16. bxc5 dxc5 17. a4 a5 18. Rab1 O-O 19. Ng5 Bh6 20. Nf3 Kh7 21. Rb6
Rg8 22. Rfb1 Raf8 23. Rxb7 Qe8 24. Qh4 Qxa4 25. Ng5+ Kg7 26. Rxf7+ Rxf7 27. Ne6+
Kh7 28. Ng5+ Kg7 29. h3 Rff8 30. Ne6+ Kh7 31. Qe7+ Bg7 32. Qh4+ Bh6 33. Rb7+ Rg7
34. Rxg7+ 1-0

[Event "AUTO-OPEN-4594"]
[Site "http://www.queenalice.com/game.php?id=1857415"]
[Date "2025.5.16"]
[Round "1"]
[White "game"]
[Black "ricardoguevara"]
[Result "1-0"]
[WhiteElo "1496"]
[BlackElo "1474"]

1. e4 d5 2. d3 dxe4 3. d4 Bf5 4. Nc3 Nf6 5. Bf4 g6 6. Nh3 Bg7 7. Nb5 O-O 8. Nxc7
Nc6 9. Nxa8 Qxa8 10. Ng5 b5 11. Bxb5 Nb4 12. h4 e3 13. Bxe3 Ne4 14. h5 gxh5 15.
Rxh5 Nxg5 16. Rxg5 Nxc2+ 17. Ke2 f6 18. Rxf5 Qxg2 19. Qxc2 Qg4+ 20. Rf3 e5 21.
dxe5 fxe5 22. Bd3 Qxf3+ 23. Kd2 Bh6 24. Bc4+ Kg7 25. Rg1+ Kf6 26. Bxh6 Qxf2+ 27.
Be2 Qd4+ 28. Bd3 Qxg1 29. Bxf8 Qg5+ 30. Kc3 Qg8 31. Qf2+ 1-0

[Event "AUTO-OPEN-4606"]
[Site "http://www.queenalice.com/game.php?id=1860743"]
[Date "2025.7.29"]
[Round "1"]
[White "ricardoguevara"]
[Black "peonaislado"]
[Result "0-1"]
[WhiteElo "1413"]
[BlackElo "1756"]

1. e4 c5 2. Nf3 d6 3. Bb5+ Nc6 4. O-O e5 5. Nc3 Nf6 6. Nd5 a6 7. Bxc6+ bxc6 8.
Nxf6+ Qxf6 9. c3 Be7 10. b4 cxb4 11. cxb4 d5 12. exd5 cxd5 13. Qa4+ Bd7 14. b5
Bxb5 15. Qc2 Bxf1 16. Kxf1 O-O 17. d4 exd4 18. Bg5 Qd6 19. Bxe7 Qxe7 20. Nxd4
Qe4 21. Nc6 Qxc2 22. Ne7+ Kh8 23. Nxd5 Qd3+ 24. Kg1 Qxd5 25. h3 Qd2 26. a4 Rab8
27. Kh2 Rb2 28. Rf1 Rfb8 29. Ra1 Qxf2 30. Rd1 Qxg2# 0-1

[Event "AUTO-OPEN-4606"]
[Site "http://www.queenalice.com/game.php?id=1860744"]
[Date "2025.7.29"]
[Round "1"]
[White "peonaislado"]
[Black "ricardoguevara"]
[Result "1-0"]
[WhiteElo "1756"]
[BlackElo "1454"]

1. d4 d5 2. c4 dxc4 3. Nc3 Nf6 4. e4 g6 5. e5 Ng4 6. h3 Nxf2 7. Kxf2 Bg7 8. Bxc4
O-O 9. Nf3 Nc6 10. Re1 a6 11. Qb3 Be6 12. Bxe6 fxe6 13. Qxe6+ Rf7 14. Rd1 Qc8
15. Qb3 Qf5 16. Qxb7 Qc2+ 17. Kg1 Ra7 18. Qxc6 Bxe5 19. dxe5 Qf5 20. Bh6 Qh5 21.
Rd8+ Rf8 22. Rxf8# 1-0

[Event "AUTO-OPEN-4606"]
[Site "http://www.queenalice.com/game.php?id=1860745"]
[Date "2025.7.29"]
[Round "1"]
[White "ricardoguevara"]
[Black "josebaron"]
[Result "0-1"]
[WhiteElo "1433"]
[BlackElo "2178"]

1. e4 e5 2. Nf3 Nc6 3. Bc4 Bc5 4. O-O Nf6 5. Nc3 d6 6. Ng5 O-O 7. Bxf7+ Rxf7 8.
Nxf7 Kxf7 9. Qf3 Nd4 10. Qd3 a6 11. a3 Be6 12. Na4 Ba7 13. b4 b5 14. Nc3 Bc4 15.
Qe3 Nxc2 16. Qf3 Nxa1 17. Bb2 Bxf1 18. Kxf1 Nb3 19. Nd5 Nxd2+ 20. Ke1 Nxf3+ 21.
gxf3 Nxd5 22. h4 Qxh4 0-1

[Event "AUTO-OPEN-4606"]
[Site "http://www.queenalice.com/game.php?id=1860746"]
[Date "2025.7.29"]
[Round "1"]
[White "josebaron"]
[Black "ricardoguevara"]
[Result "1-0"]
[WhiteElo "2187"]
[BlackElo "1435"]

1. e4 e5 2. Nf3 Nc6 3. Bb5 Nf6 4. Bxc6 bxc6 5. Nc3 Bb4 6. d3 O-O 7. Nxe5 d6 8.
Nxc6 Qd7 9. Nxb4 c5 10. Nbd5 Ng4 11. h3 Nf6 12. Nxf6+ gxf6 13. Nd5 Qa4 14. Bh6
Qd4 15. Bxf8 Kxf8 16. c3 Qe5 17. O-O Be6 18. f4 Qxd5 19. exd5 Bxd5 20. Qh5 c4
21. Qxd5 Rb8 22. Qxd6+ 1-0

[Event "AUTO-OPEN-4606"]
[Site "http://www.queenalice.com/game.php?id=1860747"]
[Date "2025.7.29"]
[Round "1"]
[White "ricardoguevara"]
[Black "Zero007"]
[Result "0-1"]
[WhiteElo "1456"]
[BlackElo "2032"]

1. e4 e5 2. Nf3 Nc6 3. Bc4 Bc5 4. O-O d6 5. Nc3 Bg4 6. d3 Nd4 7. Nxd4 Bxd1 8.
Rxd1 Bxd4 9. Be3 Bxe3 10. fxe3 Nf6 11. Bb5+ c6 12. Ba4 a5 13. d4 Qb6 14. Rf1
exd4 15. exd4 Qxd4+ 16. Kh1 O-O 17. h3 Nxe4 18. Nxe4 Qxe4 19. Bb3 a4 20. Bxf7+
Rxf7 21. Rxf7 Kxf7 22. Rf1+ Kg8 23. c3 Qe2 24. Rg1 Qxb2 25. c4 Qxa2 26. Rd1 Qc2
27. Rxd6 a3 0-1

[Event "AUTO-OPEN-4606"]
[Site "http://www.queenalice.com/game.php?id=1860748"]
[Date "2025.7.29"]
[Round "1"]
[White "Zero007"]
[Black "ricardoguevara"]
[Result "1-0"]
[WhiteElo "2055"]
[BlackElo "1429"]

1. e4 e5 2. Nf3 Nc6 3. Bc4 h6 4. d4 f6 5. dxe5 fxe5 6. O-O d6 7. h3 Bd7 8. c3
Qf6 9. a4 O-O-O 10. a5 Nxa5 11. Rxa5 Ne7 12. Rxa7 Bc6 13. Ra8+ Kd7 14. Rxd8+
Kxd8 15. Re1 d5 16. exd5 Bd7 17. Nxe5 g5 18. d6 cxd6 19. Nf7+ Ke8 20. Nxd6+ Kd8
21. Nf7+ Ke8 22. Nxh8 Qxh8 23. Qd6 Qh7 24. Qb8+ Bc8 25. Qxc8# 1-0

[Event "AUTO-INT-3940"]
[Site "http://www.queenalice.com/game.php?id=1860869"]
[Date "2025.7.31"]
[Round "1"]
[White "bdpq"]
[Black "ricardoguevara"]
[Result "1-0"]
[WhiteElo "1657"]
[BlackElo "1420"]

1. e4 e5 2. d4 d6 3. dxe5 dxe5 4. Qxd8+ Kxd8 5. Bc4 Nc6 6. Bxf7 Nf6 7. Nf3 Bd7
8. Bg5 Nb4 9. Na3 Nxc2+ 10. Nxc2 Be7 11. Nxe5 Nxe4 12. Bxe7+ Kxe7 13. f3 Ng5 14.
Bb3 Rhe8 15. O-O Kd8 16. Nxd7 Kxd7 17. f4 Ne4 18. Rfe1 Rad8 19. Bd5 Nf6 20. Bb3
Kc8 21. f5 Rxe1+ 22. Rxe1 Nd7 23. Re7 Nc5 24. Be6+ Nxe6 25. fxe6 Rd1+ 26. Kf2
Rd2+ 27. Kf3 Kd8 28. Rd7+ Rxd7 29. exd7 Kxd7 30. g4 g6 31. Ke4 h5 32. gxh5 gxh5
33. h4 Kd6 34. Kf5 a5 35. Kg5 c5 36. Kxh5 b5 37. Kg5 b4 38. Kg6 a4 39. h5 b3 40.
axb3 axb3 41. Ne3 Ke5 42. h6 Kd4 43. Nd1 Kd3 44. h7 Kc2 45. Nf2 Kxb2 46. h8=Q+
Kc2 47. Qd8 b2 48. Qd1+ Kc3 49. Ne4+ Kc4 50. Qc2+ Kd4 51. Kf5 b1=Q 52. Qxb1 c4
53. Nd6 c3 54. Qe4+ Kc5 55. Nc4 Kb4 56. Ne3+ Kb3 57. Ke5 Kb2 58. Kd4 1-0

[Event "AUTO-INT-3940"]
[Site "http://www.queenalice.com/game.php?id=1860870"]
[Date "2025.7.31"]
[Round "1"]
[White "ricardoguevara"]
[Black "bdpq"]
[Result "0-1"]
[WhiteElo "1481"]
[BlackElo "1627"]

1. e4 d5 2. Nc3 dxe4 3. Nxe4 e6 4. Nf3 Nc6 5. Bb5 Bd7 6. O-O a6 7. Bxc6 Bxc6 8.
Neg5 Qd7 9. d4 O-O-O 10. Ne5 Qe7 11. Nxc6 bxc6 12. c3 h6 13. Ne4 Nf6 14. Nxf6
Qxf6 15. Qa4 Kd7 16. Qxa6 Bd6 17. d5 exd5 18. b4 Qe5 19. g3 Qxc3 20. Be3 Qxb4
21. Rab1 Qe4 22. Rbc1 d4 23. Bf4 Bxf4 24. gxf4 Ra8 25. Qc4 Ra5 26. Rfe1 Qxf4 27.
Qxc6+ Kc8 28. Re8+ Rxe8 29. Qxe8+ Kb7 30. Rb1+ Ka7 31. Rb5 Rxb5 32. Qxb5 Qg5+
33. Qxg5 hxg5 34. Kg2 Kb6 35. a4 c5 36. Kg3 Ka5 37. Kg4 d3 38. Kxg5 d2 0-1

[Event "AUTO-INT-3940"]
[Site "http://www.queenalice.com/game.php?id=1860881"]
[Date "2025.7.31"]
[Round "1"]
[White "tche_elvio"]
[Black "ricardoguevara"]
[Result "1-0"]
[WhiteElo "1442"]
[BlackElo "1471"]

1. e4 e5 2. g3 Nf6 3. Bg2 Bc5 4. c3 O-O 5. d4 exd4 6. Ne2 d6 7. O-O Bg4 8. h4
Bxe2 9. Qxe2 Nc6 10. b4 Bb6 11. Bb2 Qe7 12. cxd4 Nxd4 13. Qd3 c6 14. Bxd4 Bxd4
15. Nc3 Bxc3 16. Qxc3 d5 17. Qc5 Qxc5 18. bxc5 dxe4 19. Rfe1 Rae8 20. a4 b5 21.
axb5 cxb5 22. Rxa7 e3 23. Rxe3 Ng4 24. Rxe8 Rxe8 25. c6 h6 26. c7 Re1+ 27. Bf1
Ne5 28. c8=Q+ Kh7 29. Qf5+ g6 30. Rxf7+ Nxf7 31. Qxf7+ Kh8 32. Kg2 b4 33. Bc4
Re8 34. Qxe8+ Kg7 35. Qf7+ Kh8 36. Qg8# 1-0

[Event "AUTO-INT-3940"]
[Site "http://www.queenalice.com/game.php?id=1860882"]
[Date "2025.7.31"]
[Round "1"]
[White "ricardoguevara"]
[Black "tche_elvio"]
[Result "0-1"]
[WhiteElo "1438"]
[BlackElo "1438"]

1. e4 c5 2. Nc3 Nc6 3. Nf3 a6 4. Bc4 e6 5. O-O d6 6. d4 h6 7. d5 Na5 8. b3 Nxc4
9. bxc4 Nf6 10. dxe6 Bxe6 11. Qd3 Be7 12. e5 dxe5 13. Qxd8+ Rxd8 14. Be3 b6 15.
Rab1 Bxc4 16. Rfd1 Rxd1+ 17. Nxd1 Bxa2 18. Rxb6 Bc4 19. Rb8+ Bd8 20. Bxc5 Ne4
21. Nxe5 Nxc5 22. Nxc4 O-O 23. Nde3 Nd7 24. Rb7 Nb6 25. Nxb6 Bxb6 26. Nd5 Rd8
27. Ne7+ Kh7 28. h4 Rd1+ 29. Kh2 Bxf2 30. Nf5 Bg1+ 31. Kg3 Rc1 32. Rxf7 Rxc2 33.
Rxg7+ Kh8 34. Ra7 Bf2+ 35. Kf3 Bxa7 36. Nxh6 Rf2+ 37. Kg3 a5 38. Ng4 Rb2 39. h5
a4 40. Ne5 Bb8 41. Kf4 Bxe5+ 42. Kxe5 a3 43. g4 a2 44. g5 a1=Q 45. Kf5 Qa5+ 46.
Kg6 Rb6+ 47. Kf7 Qa7+ 48. Ke8 Rb8# 0-1

[Event "AUTO-INT-3940"]
[Site "http://www.queenalice.com/game.php?id=1860889"]
[Date "2025.7.31"]
[Round "1"]
[White "ricardoguevara"]
[Black "game"]
[Result "1-0"]
[WhiteElo "1454"]
[BlackElo "1721"]

1. e4 e5 2. Nf3 d6 3. Bc4 Bg4 4. O-O Qf6 5. d3 Nd7 6. Qe1 Bxf3 7. gxf3 Qg6+ 8.
Kh1 Ndf6 9. Rg1 Qh5 10. Bb5+ c6 11. Bc4 d5 12. Rg3 dxc4 13. dxc4 Bd6 14. b4 Qh4
15. Qd2 Nh5 16. Qxd6 Nxg3+ 17. Kg1 Ne2+ 18. Kf1 Nd4 19. Qxe5+ Ne7 20. Qxd4 Qh3+
21. Ke2 O-O 22. Nc3 Qxh2 23. b5 Qh4 24. Be3 Rad8 25. Qxa7 Qf6 26. Qa3 cxb5 27.
cxb5 Rd7 28. Rd1 Rfd8 29. Bb6 Qxb6 30. Rxd7 Re8 31. Rxe7 Rf8 32. Nd5 Qxb5+ 33.
Ke1 Qb1+ 34. Kd2 h5 35. Nc3 Qf1 36. Ke3 h4 37. Ne2 h3 38. Qd6 Qg2 39. Nf4 Qg5
40. Re5 f6 41. Rxg5 fxg5 42. Nxh3 g4 43. Ng5 Rc8 44. Qe6+ 1-0

[Event "AUTO-INT-3940"]
[Site "http://www.queenalice.com/game.php?id=1860890"]
[Date "2025.7.31"]
[Round "1"]
[White "game"]
[Black "ricardoguevara"]
[Result "0-1"]
[WhiteElo "1747"]
[BlackElo "1427"]

1. d4 d5 2. Nf3 Nc6 3. e4 dxe4 4. Ne5 Nxe5 5. Bb5+ Bd7 6. dxe5 g6 7. Bc4 Be6 8.
Qxd8+ Rxd8 9. Bb5+ c6 10. Ba4 f6 11. Bb3 Bxb3 12. cxb3 fxe5 13. Be3 Nf6 14. Bxa7
Bh6 15. Bb6 Rd5 16. Nc3 Rd3 17. Ke2 Rd2+ 18. Ke1 Ng4 19. Rf1 Rxb2 20. Rh1 e3 21.
f3 Nf2 22. Rf1 Nd3+ 23. Kd1 Rd2# 0-1

[Event "AUTO-OPEN-4616"]
[Site "http://www.queenalice.com/game.php?id=1863476"]
[Date "2025.9.27"]
[Round "1"]
[White "Capixabba789"]
[Black "ricardoguevara"]
[Result "1-0"]
[WhiteElo "1968"]
[BlackElo "1400"]

1. d4 d5 2. Nc3 Nf6 3. f4 g6 4. Nf3 Bg7 5. e3 O-O 6. Bd3 Bf5 7. O-O Nc6 8. Bxf5
e6 9. Bd3 Ne7 10. Ne5 Nf5 11. g4 Nd6 12. Qf3 b6 13. Ne2 h5 14. g5 Ng4 15. Nxg4
hxg4 16. Qxg4 f5 17. gxf6 Rxf6 18. Bxg6 Kf8 19. Bd3 Kf7 20. Ng3 c5 21. e4 dxe4
22. Be2 cxd4 23. Nh5 Bh6 24. Nxf6 Qxf6 25. Qh5+ Ke7 26. Qe5 Qxe5 27. fxe5 Bxc1
28. exd6+ Kxd6 29. Raxc1 a5 30. a4 Rg8+ 31. Kh1 Kd5 32. Bb5 e3 33. Rfe1 Ke5 34.
Rg1 Rf8 35. b3 Rf2 36. Bd3 e2 37. Rce1 Kd5 38. Rxe2 Rf3 39. Be4+ Kd6 40. Bxf3 e5
41. Rg6+ Kc5 42. Rc6+ Kb4 43. Rxb6+ Kc3 44. Be4 Kb2 45. h4 Kc1 46. h5 1-0

[Event "AUTO-OPEN-4616"]
[Site "http://www.queenalice.com/game.php?id=1863477"]
[Date "2025.9.27"]
[Round "1"]
[White "ricardoguevara"]
[Black "Capixabba789"]
[Result "0-1"]
[WhiteElo "1411"]
[BlackElo "1937"]

1. e4 Nf6 2. Nc3 e5 3. Nf3 Be7 4. Bc4 c6 5. O-O O-O 6. d3 d6 7. Ne2 Bg4 8. Bg5
a5 9. Bxf6 Bxf6 10. d4 b5 11. Bd3 Na6 12. d5 Bxf3 13. gxf3 Bh4 14. Ng3 Nc5 15.
a3 a4 16. dxc6 Qb6 17. f4 exf4 18. Nf5 Bf6 19. Rc1 Bxb2 20. Ne7+ Kh8 21. Rb1
Nxd3 22. Qxd3 Qd4 23. Qxb5 Rab8 24. Qa6 Bxa3 25. c7 Rxb1 26. c8=Q Rxf1+ 27. Kxf1
Qd1+ 28. Kg2 f3+ 29. Kg3 Qg1+ 30. Kxf3 Qh1+ 31. Ke3 Bc5+ 32. Qxc5 dxc5 33. Qxa4
Qc1+ 34. Kf3 Qd1+ 35. Kf4 Qd6+ 36. e5 Qxe7 37. c4 g5+ 38. Ke4 f5+ 39. Kf3 Qxe5
40. Qd7 Qe4+ 41. Kg3 Qg4# 0-1

[Event "AUTO-OPEN-4616"]
[Site "http://www.queenalice.com/game.php?id=1863492"]
[Date "2025.9.27"]
[Round "1"]
[White "Tonto"]
[Black "ricardoguevara"]
[Result "1-0"]
[WhiteElo "2040"]
[BlackElo "1422"]

1. e4 e5 2. Nf3 Nc6 3. Be2 Nf6 4. d3 Bc5 5. c3 O-O 6. O-O d6 7. Nbd2 Bg4 8. h3
Bxf3 9. Nxf3 b5 10. b4 Bb6 11. Bg5 d5 12. Bxf6 Qxf6 13. exd5 Ne7 14. c4 bxc4 15.
dxc4 c6 16. d6 Nf5 17. c5 Bd8 18. Re1 a5 19. Bc4 axb4 20. Nxe5 Nh6 21. Nd7 Qf4
22. Nxf8 Kxf8 23. Bd3 Bh4 24. Qc2 g6 25. Re4 Qg5 26. Rae1 Kg7 27. Qb2+ Qf6 28.
Qd2 Nf5 29. Rxb4 Bg5 30. Qe2 Nd4 31. Qe5 Qxe5 32. Rxe5 Ne6 33. Bc4 Bf6 34. Re2
Nd4 35. Rd2 Ra5 36. Rb7 Kh6 37. Rxf7 Rxc5 38. Rxf6 Rxc4 39. d7 Rc1+ 40. Kh2 Rc2
41. Rxd4 Rxa2 42. d8=Q 1-0

[Event "AUTO-OPEN-4616"]
[Site "http://www.queenalice.com/game.php?id=1863493"]
[Date "2025.9.27"]
[Round "1"]
[White "ricardoguevara"]
[Black "Tonto"]
[Result "0-1"]
[WhiteElo "1424"]
[BlackElo "1944"]

1. e4 e5 2. Nf3 Nc6 3. Bc4 Be7 4. O-O Nf6 5. Ng5 O-O 6. Bxf7+ Rxf7 7. Nxf7 Kxf7
8. Qf3 Nd4 9. Qc3 Ne2+ 10. Kh1 Nxc3 11. Nxc3 c6 12. d3 d5 13. exd5 cxd5 14. Nb5
d4 15. Bg5 h6 16. Bh4 a6 17. Na3 Bxa3 18. bxa3 Qa5 19. Rae1 Bd7 20. f4 exf4 21.
Rxf4 g5 22. Ref1 gxf4 23. h3 Qd5 24. Rxf4 Bf5 25. c4 Qe5 26. Bg3 Nh5 27. Rf3
Nxg3+ 28. Kg1 Rg8 29. a4 Ne2+ 30. Kf2 Nf4 31. Kg1 Qe1+ 32. Kh2 Rxg2# 0-1

[Event "AUTO-INT-3945"]
[Site "http://www.queenalice.com/game.php?id=1863594"]
[Date "2025.9.30"]
[Round "1"]
[White "renet54"]
[Black "ricardoguevara"]
[Result "0-1"]
[WhiteElo "1649"]
[BlackElo "1398"]

1. d4 d5 2. Nf3 Nf6 3. Bf4 g6 4. e3 Bg7 5. c3 O-O 6. Bd3 Bg4 7. Nbd2 Nc6 8. O-O
e6 9. Be2 Ne7 10. Qb3 Bxf3 11. Bxf3 b6 12. Qc2 c5 13. Be5 cxd4 14. exd4 a5 15.
Bxf6 Bxf6 16. Rac1 Nf5 17. Rfe1 b5 18. a3 a4 19. g4 Nh4 20. Re2 Nxf3+ 21. Nxf3
Qd6 22. Kg2 Qf4 23. Rce1 Bh4 24. Nxh4 Qxg4+ 25. Kf1 Rfe8 26. Nxg6 hxg6 27. Re3
Rac8 28. Rg3 Qh5 29. Qd3 Qxh2 30. Rxg6+ fxg6 31. Qxg6+ Kf8 32. Re3 Rc7 33. Rf3+
Ke7 34. Qf7+ Kd8 35. Qf6+ Ree7 36. Qf8+ Kd7 37. Rf7 Qh1+ 38. Ke2 Qh5+ 39. Kd3
Rxf7 40. Qb4 Qf5+ 41. Ke2 Qxf2+ 42. Kd3 Qf1+ 43. Kc2 Rf2# 0-1

[Event "AUTO-INT-3945"]
[Site "http://www.queenalice.com/game.php?id=1863595"]
[Date "2025.9.30"]
[Round "1"]
[White "ricardoguevara"]
[Black "renet54"]
[Result "0-1"]
[WhiteElo "1450"]
[BlackElo "1595"]

1. e4 e5 2. Nf3 Nf6 3. Bc4 Bc5 4. Ng5 O-O 5. Bxf7+ Kh8 6. Nc3 d6 7. Ne6 Bxe6 8.
Bxe6 Nc6 9. O-O Nd4 10. Bd5 Nxd5 11. Nxd5 c6 12. Ne3 Nf3+ 13. Kh1 Qh4 14. h3
Bxe3 15. dxe3 Ng5 16. Qxd6 Nf3 17. gxf3 Qxh3+ 18. Kg1 Rxf3 19. Rd1 Raf8 20. Qxe5
Rxf2 21. Bd2 Qg2# 0-1